01189nam a22002657a 450000500170000001000150001702000220003203500130005403700160006704000120008308200170009510000270011224501100013926000430024927000460029230000280033850000200036665000200038665000260040694200260043299900190045895201900047795201250066795201310079220170124110017.0 aB-019178  a8172247001c80.00 aB-019178 bCen Lib/Ret aDPLbEN a336.206bWHI aWhiteley, John9107663 aHow to cope with self assessment :bhow to complete tour tex return and pay less tax /cby John Whiteley  aMumbaibJaico Publishing House c1999 a121 Mahatama Gandhi Road bMumbaie400001 a158p. :bill.c20cm(Hb) aIncludes index. aEconomic910420 aPublic Finance912243 2ddccENh336.206mWHI c126949d126949 04104070aLbLd2015-06-27eCen Lib/Retg80.00l0o336.206 WHIpB-019178r2015-06-27 00:00:00t2v0.00w2016-09-15yENzWritten off on approval by DLB (By Circulation); dtd 15-06-2023 00104070aLbLd2015-06-27eCen Lib/Retg80.00l0o336.206 WHIpB-019176r2015-06-27 00:00:00t1v0.00w2016-09-15yEN 001040718REFaLbLd2015-07-31eCen Lib/Retg80.00l0o336.206 WHIpB-019179r2015-07-31 00:00:00t3v80.00w2015-07-31yEN